logo

Bir Sreshtho Munshi Abdur Rouf Library
Jhenaidah Cadet College

উচ্চ মাধ্যমিক জীববিজ্ঞান দ্বিতীয় পত্র : প্রাণিবিজ্ঞান / (Record no. 5814)

MARC details
000 -LEADER
fixed length control field 00956nam a2200241 a 4500
001 - CONTROL NUMBER
JCCL Control Number 5814
003 - CONTROL NUMBER IDENTIFIER
JCCL marc code BD-JhCC
005 - DATE AND TIME OF LATEST TRANSACTION
control field 20171221200159.0
008 - FIXED-LENGTH DATA ELEMENTS--GENERAL INFORMATION
fixed length control field 171221s1998 bg a|||| || | 000 0 ben d
035 ## - SYSTEM CONTROL NUMBER
system control number (BD-JhCC)5814
040 ## - CATALOGING SOURCE
Original cataloging agency BD-JhCC
Modifying agency BD-JhCC
041 ## - LANGUAGE CODE
Language code of Book ben
082 ## - DEWEY DECIMAL CLASSIFICATION NUMBER
Classification number 570
Author mark and Year SHA 1998
100 ## - MAIN ENTRY--PERSONAL NAME
Personal name শহীদুল্লাহ, এ. জে. এম.
245 ## - TITLE STATEMENT
Title উচ্চ মাধ্যমিক জীববিজ্ঞান দ্বিতীয় পত্র : প্রাণিবিজ্ঞান /
Statement of responsibility, etc এ. জে. এম. শহীদুল্লাহ এবং অমরেন্দ্র নারায়ণ চৌধুরী
260 ## - PUBLICATION, DISTRIBUTION, ETC. (IMPRINT)
Place of publication, distribution, etc ঢাকা :
Name of publisher, distributor, etc মল্লিক ব্রাদার্স,
Date of publication, distribution, etc 1998.
300 ## - PHYSICAL DESCRIPTION
Pagination 526 p. :
Dimensions 26 cm.
650 ## - SUBJECT ADDED ENTRY--TOPICAL TERM
Topical term or geographic name as entry element Biology
650 ## - SUBJECT ADDED ENTRY--TOPICAL TERM
Topical term or geographic name as entry element Zoology
700 ## - ADDED ENTRY--PERSONAL NAME
Personal name চৌধুরী, অমরেন্দ্র নারায়ণ
942 ## - ADDED ENTRY ELEMENTS (KOHA)
Source of classification or shelving scheme Dewey Decimal Classification
Koha item type Books
Holdings
Source of classification or shelving scheme Damaged status Not for loan Home library Current library Shelving location Date of accession Cost, normal purchase price Total Checkouts Full call number Barcode Date last seen Copy number Koha item type
Dewey Decimal Classification     JCC Rouf Library JCC Rouf Library General Stacks 12/21/2017 200.00   570 SHA 1998 7682 12/21/2017 C-1 Books
Dewey Decimal Classification     JCC Rouf Library JCC Rouf Library General Stacks 01/28/2018 103.00   570 SHA 1998 9171 01/28/2018 C-2 Books
Dewey Decimal Classification     JCC Rouf Library JCC Rouf Library General Stacks 02/12/2018 89.00   570 SHA 1998 10129 02/12/2018 C-3 Books

JCC Library | Contacts | JCC Home

Last Update on 23 September 2017
Copyright @ 2017-2020 JCC Rouf Library
Rouf Library, Jhenidah Cadet College (JCC), Bangladesh